000 00562nam a2200205Ia 4500
005 20250923150010.0
008 008 250917s9999 xx 000 0 eng d
037 _aTextual
040 _aDSWL
_beng
_cDSWL
041 _aeng
_2eng
084 _a~y7M72, N97
_qDSWL
100 _aSri, Aurobindo
_9841134
245 0 _aTales of prison life
_c by Aurobindo Sri
260 _aPandicherry
_bSri Aurobindo Asharm
_c1997
300 _a121p.
365 _aINR
_b35.00
925 _g35.00
942 _cTEXL
_h~y7M72, N97
999 _c1458328
_d1458328